000 00534nam a2200205Ia 4500
003 GCL
008 140319s9999 xx 000 0 eng d
040 _aGCL /
_cGCL
082 0 4 _a745.4
_bM T
100 1 _aELFFERS, JAOST
245 1 0 _aTEXTILE DESIGNS: 200 YEARS OF PATTERNS FOR PRINTED FABRICS /
_cELFFERS, JAOST
700 1 _aMELLER, SUSAN
260 _a[S.N] :
_bTHAMES AND HUDSON ،
_c1995
300 _a464 P
650 0 4 _aTEXTILE
650 0 4 _aTEXTILE DESIGN
650 0 4 _aARTS
650 0 4 _aDESIGNS
942 _2ddc
_cBK
999 _c13834
_d13834